Visualizzazione normale
Vista MARC
- Raspanti M.
di Personal Name
Records bibliografici associati: 1
001 - CONTROL NUMBER
- control field: 18171
003 - CONTROL NUMBER IDENTIFIER
- control field: IT-RoPau
005 - DATE AND TIME OF LATEST TRANSACTION
- control field: 20140401220321.0
008 - FIXED-LENGTH DATA ELEMENTS
- fixed length control field: 140401|| aca||aabn | a|a d
040 ## - CATALOGING SOURCE
- Original cataloging agency: IT-RoPau
- Transcribing agency: IT-RoPau
100 ## - HEADING--PERSONAL NAME
- Personal name: Raspanti M.
- Miscellaneous information: Codice autore musica SPICS: 14383
- Relator term: Autore musica
- Name of part/section of a work: Home To You - Midnight In Jaffa
670 ## - SOURCE DATA FOUND
- Source citation: Work cat.: (IT-RoPau)104007: AA.VV. 794, Orchestra Henry Stone